000 00215nam a22000857a 4500
008 170130b xxu||||| |||| 00| 0 eng d
100 _92664
_aNCERT
245 _aBusiness Studies-P-II-XII
260 _aNew Delhi
_bNCERT
_c2009
999 _c5820
_d5820